[Event "DEM U18w 2023"]
[Site "Willingen GER"]
[Date "2023.06.01"]
[Round "7"]
[White "Albayrak, Nese Pinar"]
[Black "Wagner, Margarethe"]
[Result "1/2-1/2"]
[Termination "normal"]
[Board "1"]
[WhiteElo "1763"]
[BlackElo "1831"]
[WhiteClock "00:05:33"]
[BlackClock "00:04:17"]
[PlyCount "63"]
[WhiteFideId "16255259"]
[BlackFideId "16236947"]
[EventCountry "GER"]
[EventRounds "9"]
[EventType "swiss"]
[EventDate "2023.05.27"]

1. e4 {[%clk 01:30:57]} {[%emt 00:00:02]} c5 {[%clk 01:30:55]} {[%emt
00:00:06]} 2. Nf3 {[%clk 01:31:16]} {[%emt 00:00:10]} d6 {[%clk 01:31:18]}
{[%emt 00:00:07]} 3. d4 {[%clk 01:31:41]} {[%emt 00:00:06]} cxd4 {[%clk
01:31:42]} {[%emt 00:00:06]} 4. Nxd4 {[%clk 01:32:05]} {[%emt 00:00:06]} Nf6
{[%clk 01:32:04]} {[%emt 00:00:08]} 5. Nc3 {[%clk 01:32:25]} {[%emt 00:00:10]}
a6 {[%clk 01:32:28]} {[%emt 00:00:06]} 6. Be2 {[%clk 01:32:42]} {[%emt
00:00:12]} e5 {[%clk 01:32:49]} {[%emt 00:00:09]} 7. Nb3 {[%clk 01:32:58]}
{[%emt 00:00:15]} Be7 {[%clk 01:33:06]} {[%emt 00:00:13]} 8. f4 {[%clk
01:33:16]} {[%emt 00:00:11]} Nbd7 {[%clk 01:31:45]} {[%emt 00:01:51]} 9. g4
{[%clk 01:29:40]} {[%emt 00:04:07]} Nc5 {[%clk 01:14:35]} {[%emt 00:17:40]} 10.
Bf3 {[%clk 01:20:44]} {[%emt 00:09:26]} Nxb3 {[%clk 01:11:28]} {[%emt
00:03:36]} 11. axb3 {[%clk 01:17:11]} {[%emt 00:04:03]} Nd7 {[%clk 01:07:33]}
{[%emt 00:04:26]} 12. g5 {[%clk 00:56:53]} {[%emt 00:20:48]} exf4 {[%clk
01:02:27]} {[%emt 00:05:36]} 13. Bxf4 {[%clk 00:57:18]} {[%emt 00:00:05]} Ne5
{[%clk 01:01:23]} {[%emt 00:01:34]} 14. Nd5 {[%clk 00:54:37]} {[%emt 00:03:11]}
Be6 {[%clk 00:59:33]} {[%emt 00:02:19]} 15. Qe2 {[%clk 00:46:45]} {[%emt
00:08:23]} Nxf3+ {[%clk 00:49:34]} {[%emt 00:10:29]} 16. Qxf3 {[%clk 00:47:13]}
{[%emt 00:00:02]} Bxd5 {[%clk 00:46:02]} {[%emt 00:04:02]} 17. exd5 {[%clk
00:47:40]} {[%emt 00:00:02]} Bxg5 {[%clk 00:46:05]} {[%emt 00:00:27]} 18. Qe3+
{[%clk 00:46:19]} {[%emt 00:01:51]} Be7 {[%clk 00:44:07]} {[%emt 00:02:28]} 19.
Rg1 {[%clk 00:43:30]} {[%emt 00:03:19]} O-O {[%clk 00:17:44]} {[%emt 00:26:53]}
20. O-O-O {[%clk 00:41:40]} {[%emt 00:02:20]} g6 {[%clk 00:15:21]} {[%emt
00:02:54]} 21. Qg3 {[%clk 00:29:43]} {[%emt 00:12:26]} Rc8 {[%clk 00:15:43]}
{[%emt 00:00:08]} 22. Rg2 {[%clk 00:25:31]} {[%emt 00:04:41]} Bh4 {[%clk
00:15:06]} {[%emt 00:01:07]} 23. Qg4 {[%clk 00:20:51]} {[%emt 00:05:10]} Bf6
{[%clk 00:14:45]} {[%emt 00:00:51]} 24. Qg3 {[%clk 00:20:37]} {[%emt 00:00:44]}
Bh4 {[%clk 00:14:02]} {[%emt 00:01:14]} 25. Qg4 {[%clk 00:20:44]} {[%emt
00:00:22]} Bf6 {[%clk 00:07:46]} {[%emt 00:06:46]} 26. Re2 {[%clk 00:07:33]}
{[%emt 00:13:42]} Qb6 {[%clk 00:06:10]} {[%emt 00:02:07]} 27. Kb1 {[%clk
00:06:36]} {[%emt 00:01:27]} Qc5 {[%clk 00:05:09]} {[%emt 00:01:30]} 28. Be3
{[%clk 00:05:22]} {[%emt 00:01:44]} Qb5 {[%clk 00:04:44]} {[%emt 00:00:55]} 29.
Bf4 {[%clk 00:05:05]} {[%emt 00:00:47]} Qc5 {[%clk 00:04:34]} {[%emt 00:00:41]}
30. Be3 {[%clk 00:05:29]} {[%emt 00:00:06]} Qb5 {[%clk 00:04:58]} {[%emt
00:00:06]} 31. Bf4 {[%clk 00:05:33]} {[%emt 00:00:26]} Qc5 {[%clk 00:04:17]}
{[%emt 00:01:12]} 32. Be3 {[%emt 00:00:18]} 1/2-1/2

[Event "DEM U18w 2023"]
[Site "Willingen GER"]
[Date "2023.06.01"]
[Round "7"]
[White "Heutling, Elina"]
[Black "Peglau, Mirjam"]
[Result "1-0"]
[Termination "normal"]
[Board "2"]
[WhiteElo "1878"]
[BlackElo "1932"]
[WhiteClock "00:02:37"]
[BlackClock "00:02:01"]
[PlyCount "131"]
[WhiteFideId "16244729"]
[BlackFideId "16211138"]
[EventCountry "GER"]
[EventRounds "9"]
[EventType "swiss"]
[EventDate "2023.05.27"]

1. e4 {[%clk 01:30:58]} Nc6 {[%clk 01:30:57]} {[%emt 00:00:04]} 2. d4 {[%clk
01:22:24]} {[%emt 00:09:04]} e5 {[%clk 01:31:12]} {[%emt 00:00:15]} 3. dxe5
{[%clk 01:10:23]} {[%emt 00:12:31]} Nxe5 {[%clk 01:31:32]} {[%emt 00:00:09]} 4.
Nf3 {[%clk 01:10:26]} {[%emt 00:00:27]} Nxf3+ {[%clk 01:23:43]} {[%emt
00:08:19]} 5. Qxf3 {[%clk 01:10:53]} {[%emt 00:00:02]} Qf6 {[%clk 01:24:12]}
{[%emt 00:00:01]} 6. Qxf6 {[%clk 00:57:25]} {[%emt 00:13:59]} Nxf6 {[%clk
01:24:40]} {[%emt 00:00:02]} 7. Bd3 {[%clk 00:55:30]} {[%emt 00:02:24]} d5
{[%clk 01:18:54]} {[%emt 00:06:16]} 8. e5 {[%clk 00:46:55]} {[%emt 00:09:05]}
Nd7 {[%clk 01:15:01]} {[%emt 00:04:22]} 9. O-O {[%clk 00:39:52]} {[%emt
00:07:33]} Bc5 {[%clk 01:12:48]} {[%emt 00:02:44]} 10. Bf4 {[%clk 00:33:11]}
{[%emt 00:07:11]} O-O {[%clk 01:09:55]} {[%emt 00:03:22]} 11. c3 {[%clk
00:32:34]} {[%emt 00:01:08]} c6 {[%clk 01:04:52]} {[%emt 00:05:33]} 12. Nd2
{[%clk 00:27:09]} {[%emt 00:05:56]} f6 {[%clk 01:00:05]} {[%emt 00:05:17]} 13.
exf6 {[%clk 00:27:19]} {[%emt 00:00:20]} Nxf6 {[%clk 01:00:17]} {[%emt
00:00:18]} 14. b4 {[%clk 00:24:41]} {[%emt 00:03:08]} Bb6 {[%clk 00:59:21]}
{[%emt 00:01:25]} 15. Bd6 {[%clk 00:23:58]} {[%emt 00:01:13]} Re8 {[%clk
00:57:49]} {[%emt 00:02:02]} 16. Rae1 {[%clk 00:21:21]} {[%emt 00:03:06]} Be6
{[%clk 00:54:33]} {[%emt 00:03:47]} 17. Nb3 {[%clk 00:20:22]} {[%emt 00:01:30]}
Rad8 {[%clk 00:47:49]} {[%emt 00:07:13]} 18. Bc5 {[%clk 00:19:46]} {[%emt
00:01:05]} Nd7 {[%clk 00:40:17]} {[%emt 00:08:03]} 19. Nd4 {[%clk 00:18:38]}
{[%emt 00:01:38]} Bf7 {[%clk 00:37:42]} {[%emt 00:03:04]} 20. Bxb6 {[%clk
00:16:03]} {[%emt 00:03:06]} Nxb6 {[%clk 00:35:54]} {[%emt 00:02:17]} 21. Bc2
{[%clk 00:04:08]} {[%emt 00:12:25]} Nc4 {[%clk 00:33:23]} {[%emt 00:03:02]} 22.
Nf3 {[%clk 00:03:25]} {[%emt 00:01:12]} Bh5 {[%clk 00:29:16]} {[%emt 00:04:37]}
23. Rxe8+ {[%clk 00:03:27]} {[%emt 00:00:29]} Rxe8 {[%clk 00:29:23]} {[%emt
00:00:24]} 24. Re1 {[%clk 00:03:54]} {[%emt 00:00:03]} Rxe1+ {[%clk 00:27:58]}
{[%emt 00:01:54]} 25. Nxe1 {[%clk 00:04:23]} {[%emt 00:00:01]} Na3 {[%clk
00:27:34]} {[%emt 00:00:54]} 26. Bf5 {[%clk 00:04:13]} {[%emt 00:00:39]} Nb5
{[%clk 00:26:24]} {[%emt 00:01:40]} 27. Bc8 {[%clk 00:03:24]} {[%emt 00:01:18]}
Nd6 {[%clk 00:19:41]} {[%emt 00:07:13]} 28. Bd7 {[%clk 00:02:35]} {[%emt
00:01:19]} Kf8 {[%clk 00:17:53]} {[%emt 00:02:17]} 29. Nc2 {[%clk 00:01:54]}
{[%emt 00:01:11]} Ke7 {[%clk 00:17:02]} {[%emt 00:01:23]} 30. Bh3 {[%clk
00:02:22]} {[%emt 00:00:02]} Nb5 {[%clk 00:11:41]} {[%emt 00:05:51]} 31. Bc8
{[%clk 00:02:25]} {[%emt 00:00:27]} Bg6 {[%clk 00:09:07]} {[%emt 00:03:03]} 32.
Nd4 {[%clk 00:02:15]} {[%emt 00:00:40]} Nxd4 {[%clk 00:08:38]} {[%emt
00:00:59]} 33. cxd4 {[%clk 00:02:44]} b6 {[%clk 00:09:07]} {[%emt 00:00:01]}
34. f3 {[%clk 00:01:19]} {[%emt 00:01:55]} Kd6 {[%clk 00:07:43]} {[%emt
00:01:54]} 35. Kf2 {[%clk 00:00:57]} {[%emt 00:00:52]} c5 {[%clk 00:08:00]}
{[%emt 00:00:13]} 36. bxc5+ {[%clk 00:00:50]} {[%emt 00:00:37]} bxc5 {[%clk
00:08:29]} {[%emt 00:00:01]} 37. Ke3 {[%clk 00:01:00]} {[%emt 00:00:20]} Bf7
{[%clk 00:06:45]} {[%emt 00:02:13]} 38. f4 {[%clk 00:00:43]} {[%emt 00:00:48]}
Kc7 {[%clk 00:04:17]} {[%emt 00:02:58]} 39. Bf5 {[%clk 00:00:39]} {[%emt
00:00:33]} g6 {[%clk 00:04:40]} {[%emt 00:00:07]} 40. Bc2 {[%clk 00:00:55]}
{[%emt 00:00:15]} Kb6 {[%clk 00:04:42]} {[%emt 00:00:28]} 41. Kd3 {[%clk
00:14:59]} {[%emt 00:16:26]} Be6 {[%clk 00:27:13]} {[%emt 00:07:59]} 42. Kc3
{[%clk 00:14:18]} {[%emt 00:01:10]} Kc6 {[%clk 00:26:09]} {[%emt 00:01:35]} 43.
h3 {[%clk 00:07:53]} {[%emt 00:06:54]} Kd6 {[%clk 00:22:04]} {[%emt 00:04:36]}
44. Bd3 {[%clk 00:03:56]} {[%emt 00:04:27]} c4 {[%clk 00:19:42]} {[%emt
00:02:52]} 45. Bc2 {[%clk 00:04:04]} {[%emt 00:00:20]} Bf5 {[%clk 00:19:34]}
{[%emt 00:00:39]} 46. Bd1 {[%clk 00:03:11]} {[%emt 00:01:22]} Be4 {[%clk
00:18:50]} {[%emt 00:01:14]} 47. g3 {[%clk 00:02:03]} {[%emt 00:01:38]} Ke6
{[%clk 00:13:28]} {[%emt 00:05:52]} 48. Bg4+ {[%clk 00:01:54]} {[%emt
00:00:39]} Kf6 {[%clk 00:13:47]} {[%emt 00:00:11]} 49. h4 {[%clk 00:01:42]}
{[%emt 00:00:41]} h6 {[%clk 00:13:02]} {[%emt 00:01:15]} 50. Bd7 {[%clk
00:01:38]} {[%emt 00:00:35]} Bf5 {[%clk 00:11:28]} {[%emt 00:02:03]} 51. Bc6
{[%clk 00:01:59]} {[%emt 00:00:09]} Be6 {[%clk 00:11:11]} {[%emt 00:00:48]} 52.
Ba4 {[%clk 00:02:12]} {[%emt 00:00:16]} Bf5 {[%clk 00:05:36]} {[%emt 00:06:05]}
53. Bc6 {[%clk 00:02:36]} {[%emt 00:00:07]} Ke6 {[%clk 00:05:43]} {[%emt
00:00:22]} 54. Be8 {[%clk 00:01:58]} {[%emt 00:01:09]} Be4 {[%clk 00:05:22]}
{[%emt 00:00:51]} 55. Kd2 {[%clk 00:01:33]} {[%emt 00:00:55]} Bb1 {[%clk
00:04:21]} {[%emt 00:01:31]} 56. Kc3 {[%clk 00:01:56]} {[%emt 00:00:07]} Kf5
{[%clk 00:03:58]} {[%emt 00:00:52]} 57. Bf7 {[%clk 00:01:15]} {[%emt 00:01:11]}
Be4 {[%clk 00:04:09]} {[%emt 00:00:19]} 58. h5 {[%clk 00:01:08]} {[%emt
00:00:38]} gxh5 {[%clk 00:03:12]} {[%emt 00:01:27]} 59. Bxh5 {[%clk 00:01:33]}
{[%emt 00:00:04]} Bg2 {[%clk 00:02:59]} {[%emt 00:00:43]} 60. a3 {[%clk
00:01:02]} {[%emt 00:01:02]} Ke4 {[%clk 00:03:00]} {[%emt 00:00:28]} 61. Bg6+
{[%clk 00:01:11]} {[%emt 00:00:20]} Ke3 {[%clk 00:02:06]} {[%emt 00:01:26]} 62.
f5 {[%clk 00:01:30]} {[%emt 00:00:12]} Be4 {[%clk 00:02:21]} {[%emt 00:00:14]}
63. Bh7 {[%clk 00:01:52]} {[%emt 00:00:07]} Bf3 {[%clk 00:01:46]} {[%emt
00:01:06]} 64. f6 {[%clk 00:02:00]} {[%emt 00:00:22]} Bh5 {[%clk 00:01:53]}
{[%emt 00:00:22]} 65. Bg8 {[%clk 00:02:26]} {[%emt 00:00:04]} Kf3 {[%clk
00:02:01]} {[%emt 00:00:23]} 66. f7 {[%clk 00:02:37]} {[%emt 00:00:19]} 1-0

[Event "DEM U18w 2023"]
[Site "Willingen GER"]
[Date "2023.06.01"]
[Round "7"]
[White "Cordes, Jule"]
[Black "Reuter, Elisa"]
[Result "1/2-1/2"]
[Termination "normal"]
[Board "4"]
[BlackTitle "WCM"]
[WhiteElo "1744"]
[BlackElo "1944"]
[WhiteClock "00:01:19"]
[BlackClock "00:30:07"]
[PlyCount "61"]
[WhiteFideId "1060708"]
[BlackFideId "12995444"]
[EventCountry "GER"]
[EventRounds "9"]
[EventType "swiss"]
[EventDate "2023.05.27"]

1. d4 {[%clk 01:30:58]} {[%emt 00:00:02]} Nf6 {[%clk 01:30:54]} {[%emt
00:00:06]} 2. c4 {[%clk 01:31:22]} {[%emt 00:00:06]} g6 {[%clk 01:31:21]}
{[%emt 00:00:03]} 3. Nc3 {[%clk 01:31:42]} {[%emt 00:00:09]} d5 {[%clk
01:31:48]} {[%emt 00:00:04]} 4. Nf3 {[%clk 01:31:59]} {[%emt 00:00:14]} Bg7
{[%clk 01:32:13]} {[%emt 00:00:05]} 5. Bg5 {[%clk 01:32:15]} {[%emt 00:00:13]}
Ne4 {[%clk 01:32:29]} {[%emt 00:00:14]} 6. Bf4 {[%clk 01:32:29]} {[%emt
00:00:16]} Nxc3 {[%clk 01:32:22]} {[%emt 00:00:37]} 7. bxc3 {[%clk 01:32:49]}
{[%emt 00:00:10]} c5 {[%clk 01:32:17]} {[%emt 00:00:35]} 8. cxd5 {[%clk
01:32:18]} {[%emt 00:01:01]} Qxd5 {[%clk 01:28:59]} {[%emt 00:03:48]} 9. e3
{[%clk 01:32:11]} {[%emt 00:00:37]} O-O {[%clk 01:25:40]} {[%emt 00:03:50]} 10.
Be2 {[%clk 01:32:02]} {[%emt 00:00:39]} cxd4 {[%clk 01:21:17]} {[%emt
00:04:52]} 11. cxd4 {[%clk 01:31:55]} {[%emt 00:00:37]} Nc6 {[%clk 01:04:36]}
{[%emt 00:17:12]} 12. O-O {[%clk 01:31:30]} {[%emt 00:00:55]} Bg4 {[%clk
00:50:55]} {[%emt 00:14:11]} 13. h3 {[%clk 01:28:36]} {[%emt 00:03:23]} Bxf3
{[%clk 00:48:11]} {[%emt 00:03:14]} 14. Bxf3 {[%clk 01:28:49]} {[%emt
00:00:17]} Qd7 {[%clk 00:47:43]} {[%emt 00:00:58]} 15. Qa4 {[%clk 01:23:49]}
{[%emt 00:05:30]} Rfd8 {[%clk 00:47:03]} {[%emt 00:01:10]} 16. d5 {[%clk
00:48:01]} {[%emt 00:36:18]} Nd4 {[%clk 00:40:45]} {[%emt 00:06:48]} 17. Qxd7
{[%clk 00:48:11]} {[%emt 00:00:20]} Nxf3+ {[%clk 00:41:09]} {[%emt 00:00:06]}
18. gxf3 {[%clk 00:48:33]} {[%emt 00:00:07]} Rxd7 {[%clk 00:41:37]} {[%emt
00:00:03]} 19. Rad1 {[%clk 00:48:20]} {[%emt 00:00:42]} Rad8 {[%clk 00:39:25]}
{[%emt 00:02:42]} 20. e4 {[%clk 00:46:14]} {[%emt 00:02:36]} e6 {[%clk
00:34:12]} {[%emt 00:05:43]} 21. d6 {[%clk 00:28:30]} {[%emt 00:18:14]} e5
{[%clk 00:34:28]} {[%emt 00:00:14]} 22. Be3 {[%clk 00:28:33]} {[%emt 00:00:28]}
b6 {[%clk 00:32:09]} {[%emt 00:02:50]} 23. Rc1 {[%clk 00:27:51]} {[%emt
00:01:11]} Rxd6 {[%clk 00:31:54]} {[%emt 00:00:45]} 24. Rc7 {[%clk 00:27:14]}
{[%emt 00:01:07]} R6d7 {[%clk 00:31:58]} {[%emt 00:00:26]} 25. Rfc1 {[%clk
00:26:45]} {[%emt 00:00:59]} f6 {[%clk 00:31:54]} {[%emt 00:00:35]} 26. a4
{[%clk 00:24:33]} {[%emt 00:02:42]} Kf7 {[%clk 00:29:42]} {[%emt 00:02:42]} 27.
a5 {[%clk 00:04:32]} {[%emt 00:20:31]} bxa5 {[%clk 00:29:58]} {[%emt 00:00:14]}
28. Bxa7 {[%clk 00:04:59]} {[%emt 00:00:03]} Ke8 {[%clk 00:29:46]} {[%emt
00:00:42]} 29. Bb6 {[%clk 00:03:39]} {[%emt 00:01:50]} Rxc7 {[%clk 00:29:54]}
{[%emt 00:00:22]} 30. Rxc7 {[%clk 00:03:16]} {[%emt 00:00:53]} Rd7 {[%clk
00:30:07]} {[%emt 00:00:17]} 31. Rxd7 {[%clk 00:01:19]} {[%emt 00:02:28]}
1/2-1/2

[Event "DEM U18w 2023"]
[Site "Willingen GER"]
[Date "2023.06.01"]
[Round "7"]
[White "Hafermann, Lara"]
[Black "Werner, Rosalie"]
[Result "1/2-1/2"]
[Termination "normal"]
[Board "6"]
[WhiteElo "1498"]
[BlackElo "1751"]
[WhiteClock "00:20:27"]
[BlackClock "00:06:30"]
[PlyCount "103"]
[WhiteFideId "16298306"]
[BlackFideId "16223748"]
[EventCountry "GER"]
[EventRounds "9"]
[EventType "swiss"]
[EventDate "2023.05.27"]

{[%evp 0,98,24,24,31,37,31,39,-10,-11,7,31,31,24,24,24,20,32,14,23,10,3,21,3,
11,-1,4,21,-8,50,28,25,19,16,21,1,16,10,10,0,0,4,2,16,10,3,34,43,49,35,65,-16,
0,-5,40,3,3,0,45,24,27,22,19,0,46,0,38,38,30,13,0,12,116,94,116,118,101,91,90,
61,83,37,33,-36,-37,-26,-34,-25,-25,-25,-30,-33,-13,-36,-39,-43,-36,-43,-40,
-37,-43]} 1. e4 {[%emt 0:00:03]} e6 {[%emt 0:00:05]} 2. d4 {[%emt 0:00:13]} d5
{[%emt 0:00:06]} 3. Nd2 {[%emt 0:00:20]} Nf6 {[%emt 0:00:07]} 4. e5 {[%emt
0:00:20]} Nfd7 {[%emt 0:00:06]} 5. Bd3 {[%emt 0:00:14]} c5 {[%emt 0:00:06]} 6.
c3 {[%emt 0:00:19]} Nc6 {[%emt 0:00:05]} 7. Ne2 {[%emt 0:00:34]} cxd4 {[%emt
0:00:07]} 8. cxd4 {[%emt 0:00:08]} f6 {[%emt 0:00:04]} 9. exf6 {[%emt 0:00:35]}
Nxf6 {[%emt 0:00:07]} 10. O-O {[%emt 0:02:30]} Bd6 {[%emt 0:00:05]} 11. Nf3
{[%emt 0:00:10]} O-O {[%emt 0:00:10]} 12. Bf4 {[%emt 0:00:20]} Bxf4 {[%emt
0:00:16]} 13. Nxf4 {[%emt 0:00:10]} Ng4 {[%emt 0:00:10]} 14. Qd2 {[%emt
0:00:12]} Qf6 {[%emt 0:00:12]} 15. Nh5 {[%emt 0:00:30]} Qh6 {[%emt 0:00:09]}
16. Qxh6 {[%emt 0:00:07]} Nxh6 {[%emt 0:00:04]} 17. Rac1 {[%emt 0:02:02]} g6
{[%emt 0:07:36]} 18. Ng3 {[%emt 0:00:19]} a6 {[%emt 0:04:15]} 19. Rc3 {[%emt
0:07:53]} Nf7 {[%emt 0:06:19]} 20. a3 {[%emt 0:04:11]} Bd7 {[%emt 0:16:50]} 21.
Rfc1 {[%emt 0:04:09]} Rfc8 {[%emt 0:11:48]} 22. b4 {[%emt 0:04:31]} Nd6 {[%emt
0:30:39]} 23. Ne2 {[%emt 0:12:08]} Kg7 {[%emt 0:06:12]} 24. Nf4 {[%emt
0:22:45]} Kf6 {[%emt 0:02:42]} 25. Bf1 {[%emt 0:03:04]} Ne4 {[%emt 0:06:20]}
26. Re3 {[%emt 0:04:26]} Ne7 {[%emt 0:07:12]} 27. Rxc8 {[%emt 0:01:08]} Rxc8
{[%emt 0:00:10]} 28. Ne5 {[%emt 0:00:40]} Be8 {[%emt 0:01:23]} 29. f3 {[%emt
0:00:23]} Nf5 {[%emt 0:00:46]} 30. Ng4+ {[%emt 0:07:11]} Kf7 {[%emt 0:00:44]}
31. Re1 {[%emt 0:01:29]} Nd2 {[%emt 0:00:33]} 32. Nxe6 {[%emt 0:00:18]} Nxf1
{[%emt 0:00:22]} 33. Ng5+ {[%emt 0:00:50]} Kg7 {[%emt 0:00:23]} 34. Kxf1 {[%emt
0:02:13]} Bb5+ {[%emt 0:00:21]} 35. Kg1 {[%emt 0:01:13]} h6 {[%emt 0:00:49]}
36. Ne6+ {[%emt 0:03:20]} Kf7 {[%emt 0:00:24]} 37. Nf4 {[%emt 0:02:24]} Rc3
{[%emt 0:00:40]} 38. Nxd5 {[%emt 0:02:47]} Rxa3 {[%emt 0:00:10]} 39. Ne5+
{[%emt 0:02:36]} Kg7 {[%emt 0:00:26]} 40. Nc7 {[%emt 0:03:21]} Nxd4 {[%emt
0:00:42]} 41. Ng4 {[%emt 0:04:15]} h5 {[%emt 0:09:23]} 42. Nxb5 {[%emt
0:01:39]} Nxb5 {[%emt 0:00:15]} 43. Ne3 {[%emt 0:00:16]} Rd3 {[%emt 0:01:42]}
44. Kf2 {[%emt 0:05:22]} Rd4 {[%emt 0:05:11]} 45. Nc2 {[%emt 0:02:33]} Rc4
{[%emt 0:00:21]} 46. Re2 {[%emt 0:00:09]} Kf7 {[%emt 0:01:30]} 47. Ke3 {[%emt
0:00:49]} Kf6 {[%emt 0:03:45]} 48. Kd3 {[%emt 0:01:53]} Rc3+ {[%emt 0:01:55]}
49. Ke4 {[%emt 0:06:19]} Rc4+ {[%emt 0:05:54]} 50. Kd3 Rc3+ 51. Ke4 Rc4+ 52.
Kd3 1/2-1/2